Statistics for Only Player/Team to do it

Click here to take the quiz!

General Stats

  • This quiz has been taken 2 times
  • The average score is 5 of 13

Answer Stats

HintAnswer% Correct
win 24 cupsMontreal Canadiens
100%
Had 10 points in a gameDarryl Sittler
50%
had a career save percentage of .922Dominik Hasek
50%
housed the oldest NHL playerHartford Whalers
50%
Only player to score 7 goals in a gameJoe Malone
50%
to play with both Shawn Bates and Auston MatthewsJoe Thornton
50%
have the first European on their teamNew York Rangers
50%
played the most game in NHLPatrick Marleau
50%
7 assists in a gameWayne Gretzky
50%
First overall pick in the 2017 expansion draftCalvin Pickard
0%
Won 11 Stanley CupsHenri Richard
0%
played on the most NHL teams, and was traded a record 9 times.Mike Sillinger
0%
only last pick in the draft to acheive 550 pointsPatric Hornqvist
0%

Score Distribution

Percentile by Number Answered

Percent of People with Each Score

Your Score History

You have not taken this quiz